Kỷ thuật trồng các giống lúa mới/
Trình bày về sinh trưởng và phát triển cây lúa; Nhu cầu sinh thái và dinh dưỡng cây lúa; Cải thiện chất lượng lúa gạo và chất lượng hạt giống.
Đã lưu trong:
| Tác giả chính: | |
|---|---|
| Định dạng: | Sách |
| Năm xuất bản: |
H.:
Nông nghiệp,
2005.-
|
| Phiên bản: | .- Tái bản |
| Chủ đề: | |
| Tags: |
Thêm thẻ
Không có thẻ, Hãy là người đầu tiên gắn thẻ bản ghi này!
|
| LEADER | 01262nam a2200193 4500 | ||
|---|---|---|---|
| 082 | |a 633.18 |b TR 561 Đ | ||
| 100 | |a Trương Đích | ||
| 245 | |a Kỷ thuật trồng các giống lúa mới/ |c Trương Đích | ||
| 250 | |a .- Tái bản | ||
| 260 | |a H.: |b Nông nghiệp, |c 2005.- | ||
| 300 | |a 213tr.; |c 19cm | ||
| 520 | |a Trình bày về sinh trưởng và phát triển cây lúa; Nhu cầu sinh thái và dinh dưỡng cây lúa; Cải thiện chất lượng lúa gạo và chất lượng hạt giống. | ||
| 653 | |a Nông nghiệp%Kỷ thuật trồng%Lúa%Cây trồng | ||
| 942 | |2 ddc |c STK0 | ||
| 999 | |c 6123 |d 6123 | ||
| 952 | |0 0 |1 0 |2 ddc |4 0 |6 633_180000000000000_TR_561_Đ |7 0 |8 600 |9 55950 |a qbu |b qbu |c D3 |d 2015-01-15 |g 16500 |o 633.18 TR 561 Đ |p 6373.C1 |r 0000-00-00 |w 2015-01-15 |y STK0 | ||
| 952 | |0 0 |1 0 |2 ddc |4 0 |6 633_180000000000000_TR_561_Đ |7 0 |8 600 |9 55951 |a qbu |b qbu |c D3 |d 2015-01-15 |g 16500 |o 633.18 TR 561 Đ |p 6373.C2 |r 0000-00-00 |w 2015-01-15 |y STK0 | ||
| 952 | |0 0 |1 0 |2 ddc |4 0 |6 633_180000000000000_TR_561_Đ |7 0 |8 600 |9 55952 |a qbu |b qbu |c D3 |d 2015-01-15 |g 16500 |o 633.18 TR 561 Đ |p 6373.C3 |r 0000-00-00 |w 2015-01-15 |y STK0 | ||
| 952 | |0 0 |1 0 |2 ddc |4 0 |6 633_180000000000000_TR_561_Đ |7 0 |8 600 |9 55953 |a qbu |b qbu |c D3 |d 2015-01-15 |g 16500 |o 633.18 TR 561 Đ |p 6373.C4 |r 0000-00-00 |w 2015-01-15 |y STK0 | ||